000 00415nam a22001697a 4500
999 _c260411
_d260410
003 OSt
005 20230731114726.0
008 230731b xxu||||| |||| 00| 0 eng d
020 _a20091165
040 _cN/A
050 _aHB74
_b.M3
100 _aM.S Mukras
245 _aElement of:
_bMathematical Economics
250 _aSecond edition
260 _aNairobi
_bKenya Literature Bureau
_c2010
942 _2lcc
_cBK